<?xml version="1.0" encoding="UTF-8"?>
<collection xmlns="http://www.loc.gov/MARC21/slim">
<record>
  <controlfield tag="001">367898</controlfield>
  <controlfield tag="005">20260506173058.0</controlfield>
  <datafield tag="024" ind1="7" ind2=" ">
    <subfield code="2">I:(DE-82)510000-1_20140620</subfield>
    <subfield code="a">G:(DE-82)START-105_25</subfield>
    <subfield code="d">G:(DE-82)START</subfield>
  </datafield>
  <datafield tag="035" ind1=" " ind2=" ">
    <subfield code="a">G:(DE-82)START-105_25</subfield>
  </datafield>
  <datafield tag="150" ind1=" " ind2=" ">
    <subfield code="a">Drosophila melanogaster als Modell für die RHOBTB2-assoziierte entwicklungsbedingte und epileptische Enzephalopathie</subfield>
    <subfield code="y">2026-01-01 - 2028-01-01</subfield>
  </datafield>
  <datafield tag="450" ind1=" " ind2=" ">
    <subfield code="a">START-105_25</subfield>
    <subfield code="w">d</subfield>
  </datafield>
  <datafield tag="510" ind1="1" ind2=" ">
    <subfield code="0">I:(DE-82)510000-1_20140620</subfield>
    <subfield code="a">Medizinische Fakultät RWTH Aachen</subfield>
    <subfield code="b">MedFak</subfield>
  </datafield>
  <datafield tag="909" ind1="C" ind2="O">
    <subfield code="o">oai:juser.fz-juelich.de:1057393</subfield>
    <subfield code="p">authority:GRANT</subfield>
    <subfield code="p">authority</subfield>
  </datafield>
  <datafield tag="980" ind1=" " ind2=" ">
    <subfield code="a">G</subfield>
  </datafield>
  <datafield tag="980" ind1=" " ind2=" ">
    <subfield code="a">AUTHORITY</subfield>
  </datafield>
  <datafield tag="909" ind1="C" ind2="O">
    <subfield code="o">oai:juser.fz-juelich.de:1057393</subfield>
  </datafield>
</record>
</collection>